[Event "BL 2017-18"]
[Site "Germany"]
[Date "2018.02.25"]
[Round "10"]
[White "Lammers, Markus"]
[Black "Markgraf, Alexander"]
[Result "1/2-1/2"]
[WhiteElo "2305"]
[BlackElo "2514"]
[Annotator "TA"]
[PlyCount "166"]
[EventDate "2018.05.24"]
[EventType "team-tourn"]
[EventCountry "GER"]
[SourceTitle "playchess.com"]
[Source "ChessBase"]
[SourceQuality "1"]
[WhiteTeam "Zugzwang Muenchen"]
[BlackTeam "Werder Bremen"]

{[%evp 28,166,39,49,68,59,58,76,64,19,71,68,85,70,131,152,145,129,189,176,291,121,120,34,0,-14,22,-8,0,0,100,94,161,30,202,202,198,187,254,185,490,478,662,659,627,492,602,390,365,316,662,535,579,375,402,388,406,406,428,406,450,420,607,640,629,587,602,576,586,496,516,511,617,617,617,617,617,602,583,573,548,536,786,529,529,522,522,492,775,498,487,470,399,371,352,215,208,206,231,228,223,209,218,218,172,0,0,0,0,0,0,0,0,0,0,0,0,0,0,0,0,0,0,0,0,0,0,0,0,0,0,0,0,0,0,0,0,0,0,0,0]} 1. Nf3 f5 2. d4 Nf6 3. g3 g6 4. Bg2 Bg7 5. O-O O-O 6. c4 d6 7. Nc3 Qe8 8. d5 Na6 9. Rb1 c6 10. dxc6 bxc6 11. b4 Bd7 12. a3 Nc7 13. Bb2 Ne6 14. c5 {A87: Dutch Defence: Leningrad System: 5 Nf3} (14. e3 Rb8 15. Ne2 a5 16. Bc3 axb4 17. axb4 Qf7 18. c5 Ne4 19. Bxg7 Qxg7 20. cxd6 exd6 21. Qc2 Rb6 {½-½ (37) Illescas Cordoba,M (2600)-Gurevich,M (2635) France 1998}) 14... d5 15. Ne5 {LiveBook: 4 Games} d4 16. Na2 {White is slightly better.} Ne4 17. Nf3 $146 ({Predecessor:} 17. Nxd7 Qxd7 18. Nc3 Nf6 19. Na4 Nd5 20. e3 dxe3 21. fxe3 Rad8 22. Bxg7 Kxg7 {1-0 (47) Pereverzev,A (2373)-Kirpikov,A (2346) ICCF email 2006}) 17... Rd8 18. Qb3 Kh8 (18... Qf7 $11 {keeps the balance.}) 19. Rbd1 $16 {[%cal Rf3d4]} Bc8 20. e3 {[%cal Re3d4]} dxe3 (20... Qf7 $1 $14) 21. Bxg7+ Nxg7 22. Qxe3 Ba6 (22... e5 $16 {was worth a try.}) 23. Rfe1 Qf7 (23... Rxd1 $142 24. Rxd1 Qf7) 24. Nc1 (24. Rxd8 $18 Rxd8 25. Nc3) 24... Qf6 25. Nd4 (25. Nb3 $16) 25... e5 $14 26. Nc2 Bb5 27. Qb3 (27. Bxe4 fxe4 28. Rxd8 Rxd8 $15) 27... Rxd1 28. Rxd1 Rd8 (28... Ne6 $11 {remains equal.}) 29. Ne3 $16 Rd4 (29... Rxd1+ $16 30. Qxd1 Nc3) 30. a4 (30. Bxe4 $1 $18 fxe4 31. a4) 30... Ba6 $2 (30... Bxa4 $1 $11 {and Black is okay.} 31. Qxa4 Nc3 32. Rxd4 (32. Qxc6 Qxc6 33. Rxd4 Qc8 $15) (32. Qxa7 Nxd1 33. Nc4 Nc3 $17) 32... Nxa4) 31. Bxe4 $18 fxe4 32. b5 $36 {[%mdl 2048] White is in control.} Bb7 (32... Rxd1+ {is a better defense.} 33. Nxd1 (33. Qxd1 cxb5 34. Qd5 Qe7 $16) 33... Bc8) 33. b6 a5 $2 (33... axb6 {is more resistant.} 34. Qxb6 (34. cxb6 Ne6 $16) 34... Bc8) 34. Ne2 Ne6 35. Nxd4 exd4 36. Qb2 Ng5 37. h4 Nf3+ 38. Kg2 {[#] Black must now prevent Ng4.} Kg8 $2 (38... h5 39. Rh1 Qe7) 39. Qb3+ Kg7 40. Nc2 d3 {[#]} 41. Ne3 $1 h5 42. Qc4 Qe5 43. Rc1 d2 44. Rd1 Bc8 (44... Kf8 $142 45. Qa2 Ne1+ 46. Kh1 Nf3) 45. Qa2 Ne1+ 46. Kh1 Nd3 47. Rxd2 Qxc5 48. Rxd3 exd3 49. Qb2+ Kg8 50. b7 Bxb7 51. Qxb7 Qc3 52. Qc8+ Kg7 53. Qd7+ Kf8 54. Qd6+ Kg7 55. Qe7+ Kg8 56. Qe6+ Kg7 57. Nc4 Qa1+ (57... Qd4 $142 58. Ne5 Qd5+ 59. Qxd5 cxd5 60. Nxd3 Kf6) 58. Kh2 Qd4 59. Qe7+ Kg8 60. Qe8+ Kg7 61. Qxc6 Qxf2+ 62. Qg2 Qc2 63. Nd2 Qxa4 64. Qb7+ Kh6 65. Qb8 {[%cal Rb8h8]} Qd4 66. Qf4+ $2 (66. Kg2 $18) 66... Qxf4 $11 {The position is equal.} 67. gxf4 {[%mdl 4096] Endgame KN-KP} a4 {[%cal Ba5a4,Ba4a3,Ba3a2][%mdl 32]} 68. Kg3 a3 69. Kf3 Kg7 70. Ke3 a2 71. Nb3 Kf6 72. Kxd3 {KN-K3P} Kf5 73. Ke3 $1 Kg4 74. Na1 $1 Kxh4 75. Kf3 $1 g5 76. Nc2 g4+ 77. Kg2 g3 {Strongly threatening ...Kg4.} 78. f5 $1 {[%cal Rf5f6]} Kg5 79. Kxg3 Kxf5 80. Kh4 $1 Kf4 {Threatens to win with ...Kf3.} 81. Kxh5 Kf3 {aiming for ...Ke2.} 82. Na1 Ke3 {( -> ...Kd3)} 83. Kg4 Kd3 {Precision: White = 69%, Black = 36%.} 1/2-1/2

[Event "BL 2017-18"]
[Site "Germany"]
[Date "2018.02.25"]
[Round "10"]
[White "Polischuk, Viktor"]
[Black "Braun, Arik"]
[Result "0-1"]
[WhiteElo "2284"]
[BlackElo "2574"]
[Annotator "TA"]
[PlyCount "80"]
[EventDate "2018.05.24"]
[EventType "team-tourn"]
[EventCountry "GER"]
[SourceTitle "playchess.com"]
[Source "ChessBase"]
[SourceQuality "1"]
[WhiteTeam "Norderstedt"]
[BlackTeam "Hockenheim"]

{[%evp 30,80,39,16,17,12,39,0,0,0,0,0,0,0,23,0,20,-19,16,22,17,11,26,15,6,-26,-37,-144,-135,-152,-132,-132,-124,-121,-44,-66,-11,-12,0,0,47,-25,-20,-15,0,0,0,-130,-117,-374,-368,-482,-566]} 1. e4 c6 2. d4 d5 3. Nc3 dxe4 4. Nxe4 Bf5 5. Ng3 Bg6 6. h4 {[%cal Bh2h4,Bh4h5][%mdl 32]} h6 7. Nf3 Nd7 8. h5 Bh7 9. Bd3 Bxd3 10. Qxd3 e6 11. Bd2 {[%cal Bc1d2,Bd2c3,Bc3d4][%mdl 32]} Ngf6 12. O-O-O Be7 13. Ne4 Qb6 {B19: Classical Caro-Kann: 4...Bf5 main line} 14. Nxf6+ Bxf6 15. g4 c5 16. Bc3 {[#] LiveBook: 3 Games} cxd4 $146 ({Predecessor:} 16... O-O-O 17. dxc5 Qxc5 18. Bd4 Qc6 19. Rhe1 Rhe8 {½-½ (19) Leko,P (2738)-Bareev,E (2643) Elista 2007}) 17. Bxd4 Qa5 18. Qb3 O-O 19. g5 ({Wrong is} 19. Qxb7 $2 Nc5 $19) 19... hxg5 20. h6 {And now hxg7 would win.} g6 $1 21. Qxb7 Bxd4 22. Nxd4 Nc5 23. h7+ Kh8 24. Qf3 {[%cal Rf3f6]} f6 $1 25. a3 e5 26. Nc6 Qc7 $1 $36 {[%mdl 2048] Black wants to play ...e4. Black is pushing.} 27. Nb4 (27. Qd5 $5 {[%cal Rd5c5]} Rac8 28. Qxc5 Qxc6 29. Qxc6 Rxc6 30. Rd7 $11) 27... Rac8 28. c3 (28. Kb1 $15) 28... a5 29. Nd5 Qb7 {aiming for ...e4.} 30. Qe2 Rb8 {...Na4 is the strong threat.} 31. f3 {[#]} Rf7 (31... e4 $1 $17 {[%mdl 512]} 32. fxe4 Nxe4) 32. Qc2 $15 a4 (32... Rd7 $15 33. Nxf6 Rxd1+ 34. Rxd1 Qxf3) 33. Rh2 $11 f5 34. Qe2 Nd7 35. Nb4 (35. Qg2 $14) 35... Re8 36. Rd6 Rg7 37. Nc6 Qc7 38. Qd2 {[#]} (38. Qd1 $1 $11) 38... e4 $1 $17 {[%cal Re4e3]} 39. fxe4 $2 {[%mdl 8192]} (39. Re2 $17 {is a better defense.}) 39... Nc5 $19 {Strongly threatening ...Nb3+.} 40. Qd5 Nxe4 {Precision: White = 38%, Black = 65%.} 0-1

[Event "BL 2017-18"]
[Site "Germany"]
[Date "2018.02.25"]
[Round "10"]
[White "Mager, Denis"]
[Black "Braun, Christian"]
[Result "0-1"]
[WhiteElo "2277"]
[BlackElo "2378"]
[Annotator "NA"]
[PlyCount "80"]
[EventDate "2018.05.24"]
[EventType "team-tourn"]
[EventCountry "GER"]
[SourceTitle "playchess.com"]
[Source "ChessBase"]
[SourceQuality "1"]
[WhiteTeam "Speyer"]
[BlackTeam "Aachen"]
[TimeControl "40/6000+30:3000+30"]

1. c4 {[%emt 0:00:00]} Nf6 {[%emt 0:00:07]} 2. Nc3 {[%emt 0:00:00]} g6 {[%emt 0:00:06]} 3. d4 {[%emt 0:00:00]} d5 {[%emt 0:00:05]} 4. cxd5 {[%emt 0:00:37]} Nxd5 {[%emt 0:00:08]} 5. Bd2 {[%emt 0:00:45]} Nb6 {[%emt 0:02:42]} 6. Bg5 {[%emt 0:01:56]} Bg7 {[%emt 0:00:36]} 7. e3 {[%emt 0:03:59]} c5 {[%emt 0:00:53] D85: Exchange Grünfeld: Unusual White 7th moves and lines with 7 Nf3} 8. dxc5 {[%emt 0:02:34]} Bxc3+ {[%emt 0:00:20]} 9. bxc3 {[%emt 0:00:06]} Qxd1+ {[%emt 0:00:07]} 10. Rxd1 {[%emt 0:01:06]} N6d7 {[%emt 0:00:10]} 11. Bb5 {[%emt 0:09:57]} (11. e4 Nxc5 12. f3 b6 13. h4 f6 14. Be3 Nbd7 15. Bb5 {½-½ (27) Stefansson,H (2581)-Swiercz,D (2656) Gjakova 2016}) 11... Nc6 {[%emt 0:00:24]} 12. Rd5 {[%emt 0:06:53]} f6 {[%emt 0:00:12]} 13. Bh6 {[%emt 0:02:35]} Nde5 $146 {[%emt 0:06:49]} ({Find the theoretical novelty and annotate with similar games:} 13... e6 14. Rd2 Ke7 15. e4 Nxc5 {½-½ (26) Alexandrova,O (2423)-Schut,L (2284) Porto Carras 2011}) 14. e4 {[%emt 0:04:54]} Be6 {[%emt 0:00:30]} 15. Nf3 {[%emt 0:21:08]} Kf7 {[%emt 0:03:50]} 16. Bxc6 {[%emt 0:04:19]} Nxf3+ {[%emt 0:01:50]} 17. gxf3 {[%emt 0:00:14]} bxc6 {[%emt 0:00:07]} 18. Rd2 {[%emt 0:03:42]} Bc4 {[%emt 0:01:26]} 19. Kd1 {[%emt 0:10:43]} Rhd8 {[%emt 0:01:13]} 20. a3 {[%emt 0:04:15]} Bd3 {[%emt 0:02:28]} 21. Bf4 {[%emt 0:10:56]} e5 {[%emt 0:02:01]} 22. Be3 {[%emt 0:00:05]} Rab8 {[%emt 0:00:07]} 23. Rxd3 {[%emt 0:00:20]} Rxd3+ {[%emt 0:00:06]} 24. Kc2 {[%emt 0:00:11]} Rd7 {[%emt 0:00:07]} 25. a4 {[%emt 0:01:57]} Rdb7 {[%emt 0:01:34]} 26. Bc1 {[%emt 0:00:49]} Ke6 {[%emt 0:01:09]} 27. Rd1 {[%emt 0:02:45]} Rd7 {[%emt 0:00:09]} 28. Re1 {[%emt 0:00:16]} g5 {[%emt 0:03:51]} 29. Rg1 {[%emt 0:02:33]} Rg8 $19 {[%emt 0:01:10]} 30. f4 {[%emt 0:01:08]} exf4 31. Bxf4 {[%emt 0:01:07]} f5 {[%emt 0:00:39]} 32. exf5+ {[%emt 0:01:39]} Kxf5 {[%emt 0:00:08]} 33. Bd6 {[%emt 0:01:32]} Re8 {[%emt 0:00:18]} 34. Kd3 {[%emt 0:01:08]} Rb7 {[%emt 0:01:22]} 35. Rg3 {[%emt 0:06:23]} Rb2 {[%emt 0:01:09]} 36. Rf3+ {[%emt 0:00:22]} Kg6 {[%emt 0:00:10]} 37. h3 {[%emt 0:02:08]} Ree2 {[%emt 0:01:50]} 38. Bg3 {[%emt 0:00:16]} h5 {[%emt 0:00:32]} 39. h4 {[%emt 0:00:35]} gxh4 {[%emt 0:00:20]} 40. Bxh4 {[%emt 0:00:17]} Rbd2+ {[%emt 0:50:09] Kd4} 0-1

[Event "BL 2017-18"]
[Site "Germany"]
[Date "2018.02.25"]
[Round "10"]
[White "Commercon, Simon"]
[Black "Burg, Twan"]
[Result "0-1"]
[WhiteElo "2257"]
[BlackElo "2517"]
[Annotator "TA"]
[PlyCount "54"]
[EventDate "2018.05.24"]
[EventType "team-tourn"]
[EventCountry "GER"]
[SourceTitle "playchess.com"]
[Source "ChessBase"]
[SourceQuality "1"]
[WhiteTeam "Speyer"]
[BlackTeam "Aachen"]

{[%evp 16,54,-19,-34,-10,-54,-59,-76,-75,-95,-54,-82,-63,-56,-62,-68,-72,-69,-60,-205,-197,-406,-411,-531,-522,-617,-540,-744,-806,-731,-609,-1307,-1225,-1248,-1220,-5481,-2985,-1884,-1260,-1205,-1125]} 1. d4 Nf6 2. g3 d5 3. Nf3 c5 4. Bg2 cxd4 5. Nxd4 e5 6. Nb3 Nc6 7. Bg5 {D02: 1 d4 d5 2 Nf3 sidelines, including 2...Nf6 3 g3 and 2...Nf6 3 Bf4} Be6 8. Nc3 (8. O-O Be7 9. Bxf6 Bxf6 10. c4 dxc4 11. Nc5 e4 12. Nd2 Bxb2 13. Nxe6 fxe6 14. Rb1 c3 15. Bxe4 Qxd2 16. Qxd2 cxd2 17. Rxb2 {½-½ (31) Svidler,P (2734)-Karjakin,S (2753) Khanty-Mansiysk 2015}) 8... d4 9. Ne4 {LiveBook: 9 Games. The position is equal.} Bb4+ 10. Kf1 $146 ({Predecessor:} 10. c3 dxc3 11. Nxc3 h6 12. Bxf6 Qxf6 13. O-O Rd8 14. Qc1 O-O {1-0 (39) Prosch,C (2236)-Feuerstack,A (2142) Germany 2004}) 10... Be7 11. Nxf6+ gxf6 12. Bh6 Rg8 13. Qd3 Rg6 14. Bd2 f5 $36 {[%mdl 2048] And now ...e4 would win. Black has good play.} 15. Qb5 Qb6 16. Qxb6 axb6 17. e3 {[#]} (17. Bf3 $15) 17... d3 $1 $19 {[%cal Bd4d3,Bd3c2][%mdl 544]} 18. Nc1 $2 (18. Bc3) (18. cxd3 Bxb3) 18... dxc2 19. Ke1 Rd8 {Black is clearly winning.} 20. Ne2 Nb4 {Hoping for ...Nd3+.} 21. Bxb4 Bxb4+ 22. Nc3 {[#]} Bxa2 $1 {[%mdl 512]} 23. Bxb7 (23. Rxa2 c1=Q+) 23... Rgd6 24. Kf1 Bxc3 25. bxc3 Rd1+ 26. Kg2 Rxh1 27. Bc6+ Kf8 {Precision: White = 21%, Black = 88%.} 0-1

[Event "BL 2017-18"]
[Site "Germany"]
[Date "2018.03.11"]
[Round "12"]
[White "Vachier-Lagrave, Maxime"]
[Black "Areshchenko, Alexander"]
[Result "1/2-1/2"]
[WhiteElo "2789"]
[BlackElo "2645"]
[Annotator "TA"]
[PlyCount "54"]
[EventDate "2018.05.24"]
[EventType "team-tourn"]
[EventCountry "GER"]
[SourceTitle "playchess.com"]
[Source "ChessBase"]
[SourceQuality "1"]
[WhiteTeam "Baden-Baden"]
[BlackTeam "Werder Bremen"]

{[%evp 24,54,-3,0,9,-3,0,0,0,0,6,12,8,10,37,31,33,31,35,34,38,29,54,30,31,36,94,64,64,36,42,29,44]} 1. e4 c5 2. Nf3 d6 3. d4 cxd4 4. Nxd4 Nf6 5. Nc3 a6 6. g3 e5 7. Nb3 Be7 8. Bg2 b5 {B91: Sicilian Najdorf: 6 g3} (8... O-O 9. O-O b5 10. Nd5 Nxd5 11. Qxd5 Ra7 12. Be3 Be6 13. Qd2 Ra8 14. a4 Nc6 15. axb5 axb5 16. Rxa8 Qxa8 17. Ra1 Qb7 {½-½ (58) Naiditsch,A (2710)-Vidit,S (2693) Linares 2017}) 9. O-O Nbd7 10. a4 b4 11. Na2 a5 12. c3 bxc3 13. Nxc3 {LiveBook: 3 Games} O-O 14. Nb5 Ba6 15. Re1 $146 ({Predecessor:} 15. Bd2 Bxb5 16. axb5 a4 {½-½ (40) Atlas,V (2448)-Teterev,V (2501) Bilbao 2014}) 15... Bxb5 16. axb5 a4 17. Nd2 Qb8 18. b3 axb3 19. Rxa8 Qxa8 20. Nxb3 Rb8 21. Qd3 Bd8 22. Bf1 d5 23. exd5 e4 24. Qd1 Ne5 (24... Bb6 $14) 25. Be2 {aiming for Bf4.} Bb6 26. Bb2 (26. Bf4 $5 {[%cal Rf4e5]} Re8 27. d6 $16) 26... Re8 27. Bd4 Nxd5 {Precision: White = 82%, Black = 68%.} 1/2-1/2

[Event "BL 2017-18"]
[Site "Germany"]
[Date "2018.03.11"]
[Round "12"]
[White "Svidler, Peter"]
[Black "Efimenko, Zahar"]
[Result "1/2-1/2"]
[WhiteElo "2760"]
[BlackElo "2639"]
[Annotator "TA"]
[PlyCount "57"]
[EventDate "2018.05.24"]
[EventType "team-tourn"]
[EventCountry "GER"]
[SourceTitle "playchess.com"]
[Source "ChessBase"]
[SourceQuality "1"]
[WhiteTeam "Baden-Baden"]
[BlackTeam "Werder Bremen"]

{[%evp 23,57,12,20,16,11,-18,39,46,53,17,29,9,0,0,16,2,3,0,0,0,0,0,0,0,0,0,0,0,27,4,7,5,7,0,19,18]} 1. e4 e5 2. Nf3 Nc6 3. Bb5 {[%cal Bf1b5,Bb5a4,Ba4b3][%mdl 32]} a6 4. Ba4 Nf6 5. O-O Be7 6. d3 b5 7. Bb3 O-O 8. a4 Bb7 9. Re1 d6 10. Nbd2 {[%cal Bb1d2,Bd2f1,Bf1g3,Bg3f5][%mdl 32]} Qd7 {C88: Closed Ruy Lopez: Anti-Marshall Systems} (10... Na5 11. Ba2 c5 12. Nf1 b4 13. Ne3 Bc8 14. c3 Rb8 15. h3 bxc3 16. bxc3 Be6 17. Nd2 Bxa2 18. Rxa2 d5 19. Nf5 Re8 20. Ba3 {½-½ (39) Aravindh,C (2586)-Gledura,B (2613) Stockholm 2018}) 11. Nf1 Nd8 12. Ng3 Ne6 {LiveBook: 5 Games} 13. Nf5 Bd8 14. Ng5 $146 ({Predecessor:} 14. Be3 c5 15. Nd2 Nd4 16. Bxd4 exd4 17. Nf3 d5 18. Ne5 {0-1 (55) Chomicki,H (2111)-Schroeder,M (2393) ICCF email 2012}) 14... Nxg5 ({Black should try} 14... Nc5 $11) 15. Bxg5 $14 g6 16. Ne3 (16. Nh6+ {with more complications.} Kg7 17. Qd2 c5 18. f3 Ng8 19. Be3) 16... Ng4 17. Bxd8 Nxe3 18. Rxe3 Raxd8 19. axb5 axb5 20. Ra7 Bc6 21. h4 Ra8 22. Rxa8 Rxa8 23. Rf3 Rf8 24. Qd2 Kg7 25. h5 {[#] aiming for Qg5.} f6 26. hxg6 hxg6 {[%cal Bh7g6,Bg6g5][%mdl 32] The position is equal.} 27. Rh3 {[%csl Gh3][%cal Rd2h6]} g5 $1 28. d4 Rh8 29. Rxh8 {Precision: White = 41%, Black = 55%.} 1/2-1/2

[Event "BL 2017-18"]
[Site "Germany"]
[Date "2018.03.11"]
[Round "12"]
[White "Bacrot, Etienne"]
[Black "Markgraf, Rolf-Alexander"]
[Result "1-0"]
[WhiteElo "2718"]
[BlackElo "2505"]
[Annotator "TA"]
[PlyCount "82"]
[EventDate "2018.05.24"]
[EventType "team-tourn"]
[EventCountry "GER"]
[SourceTitle "playchess.com"]
[Source "ChessBase"]
[SourceQuality "1"]
[WhiteTeam "Baden-Baden"]
[BlackTeam "Werder Bremen"]

{[%evp 20,82,29,35,33,28,82,78,89,89,110,107,108,105,107,109,114,113,139,134,137,137,139,130,147,145,154,154,147,148,131,143,148,144,144,100,97,91,112,92,109,120,135,99,129,82,132,119,132,116,179,169,167,162,499,220,329,280,389,369,457,489,486,481,443]} 1. e4 c5 2. Nf3 d6 3. d4 cxd4 4. Nxd4 Nf6 5. Nc3 Nc6 6. f3 e5 7. Nb3 Be7 8. Be3 O-O 9. Qd2 Be6 10. O-O-O a5 11. Bb5 {LiveBook: 40 Games} a4 {B56: Classical Sicilian: Unusual Lines} (11... Qb8 12. g4 a4 13. Nxa4 d5 14. g5 d4 15. gxf6 dxe3 16. Qxe3 Bxf6 17. Bxc6 bxc6 18. Nbc5 Bxa2 19. Nd7 {½-½ (80) Vachier Lagrave,M (2796)-Grischuk,A (2761) Paris 2017}) 12. Bxa4 Qc7 $146 (12... Na5 $11 {keeps the balance.}) ({Predecessor:} 12... Na5 13. Kb1 Nc4 14. Qe1 Qb8 15. Bb5 Rc8 16. g4 Qc7 17. Bxc4 Bxc4 18. g5 Nd7 19. h4 {0-1 (45) Abrahamyan,T (2246)-Guramishvili,S (2305) Yerevan 2007}) 13. Kb1 $16 Rfd8 {next ...d5 is good for Black.White is better.} 14. Qf2 {Black must now prevent Bb6.} Rdc8 15. Bb5 Qb8 16. a3 Na7 {[#]} 17. Bxa7 $1 Rxa7 18. Rd3 b6 19. g4 Rac7 20. Rhd1 {[%cal Bh1d1,Bd1d2,Bd2e2][%mdl 32]} Qb7 21. R1d2 Qa7 22. Nd5 Bxd5 23. exd5 Nd7 24. Bxd7 Rxd7 25. Re2 Rdc7 26. f4 f6 27. c3 Qa4 28. Ka2 b5 29. Nd2 Ra8 {Hoping for ...Qc2.} 30. Qf3 Rca7 {aiming for ...Qc2.} 31. Qe4 Qd1 {( -> ...Rxa3+!)} 32. Nb1 Qf1 33. Rf3 Qg1 34. fxe5 dxe5 {[#]} (34... fxe5 $16 {keeps fighting.} 35. Qf5 Qc5 36. Qe6+ Kh8) 35. d6 $1 $18 {[%mdl 512]} Bf8 (35... Bxd6 36. Qd5+) 36. Rd2 Qc1 $2 {[#]} (36... Rd8 {is a better chance.}) 37. Rfd3 (37. g5 $142 $1 {[%mdl 512]}) 37... Kh8 (37... Qg1 {might work better.} 38. c4 bxc4 39. Qxc4+ Kh8) 38. h3 ({Weaker is} 38. d7 Rd8 $18) 38... Ra4 39. Qb7 e4 40. Rd4 {Rxa4 is the strong threat.} R4a7 41. Qxe4 Rd8 {Precision: White = 87%, Black = 33%.} 1-0

[Event "BL 2017-18"]
[Site "Germany"]
[Date "2018.03.11"]
[Round "12"]
[White "Adams, Michael"]
[Black "Spoelman, Wouter"]
[Result "1/2-1/2"]
[WhiteElo "2705"]
[BlackElo "2561"]
[Annotator "TA"]
[PlyCount "101"]
[EventDate "2018.05.24"]
[EventType "team-tourn"]
[EventCountry "GER"]
[SourceTitle "playchess.com"]
[Source "ChessBase"]
[SourceQuality "1"]
[WhiteTeam "Baden-Baden"]
[BlackTeam "Werder Bremen"]

{[%evp 34,101,60,60,55,50,63,45,54,40,52,16,16,12,14,0,0,0,0,0,4,4,7,5,5,6,4,0,26,27,26,25,24,31,50,50,147,139,161,171,171,60,100,60,58,73,66,75,64,67,47,55,83,46,60,50,63,30,30,30,30,21,31,11,11,0,0,0,0,10]} 1. e4 c5 2. Nf3 e6 3. d4 cxd4 4. Nxd4 Nc6 5. Nc3 Qc7 6. g3 a6 7. Bg2 Nf6 8. O-O Nxd4 9. Qxd4 Bc5 10. Bf4 d6 11. Qd2 h6 12. Rad1 e5 13. Be3 Be6 {B47: Sicilian: Taimanov: 5 Nc3 Qc7 6 f4, 6 g3 and 6 Be2} 14. Bxc5 dxc5 15. Nd5 Bxd5 16. exd5 Qd6 (16... O-O 17. d6 Qb6 18. c4 Rad8 19. Rfe1 Rfe8 20. Bh3 Nh7 21. f4 {1-0 (60) Vidit,S (2715)-Van Foreest,J (2629) Riadh 2017}) 17. c4 O-O 18. Bh3 {LiveBook: 3 Games} Rfe8 19. Rfe1 Re7 20. Re3 b6 $146 ({Predecessor:} 20... Kf8 21. Rde1 {0-1 (42) Antipov,M (2573)-Lei,T (2495) Moscow 2016}) 21. a3 Rae8 22. b4 Rc7 23. Rb3 b5 24. Bf1 (24. cxb5 {is interesting.} axb5 25. bxc5 Rxc5 26. Qb2 e4 27. Rxb5 Rxb5 28. Qxb5 Qxa3 29. d6) 24... bxc4 25. Bxc4 cxb4 26. Qxb4 Qxb4 27. Rxb4 a5 28. d6 Rc5 $1 29. Ra4 Rd8 30. Bb3 Ne8 31. Rd5 ({Much weaker is} 31. d7 Nf6 $15) 31... Rc3 32. Bc4 Nxd6 33. Bf1 f6 34. Raxa5 {Black must now prevent Ra6.} Rc6 (34... Kf7 $14) 35. Ra7 $16 Rb8 {[#]} 36. Rd1 $1 Nf5 {[#]} 37. Bg2 ({White should try} 37. a4 $1 $18) 37... Rc3 38. Bd5+ Kh8 39. Be4 Nd4 40. Bg6 f5 41. h4 f4 42. Kg2 Rf8 43. h5 fxg3 44. fxg3 Nf5 45. Rf7 {[%cal Rf7f8]} (45. Rdd7 $5 {[%cal Rd7f7]}) 45... Ne3+ 46. Kh3 {[%cal Rf7f8]} Kg8 47. Rxf8+ Kxf8 48. Ra1 Nd5 {The position is equal.} 49. Kg2 Rc5 50. Rb1 Ra5 51. Rb8+ {Precision: White = 59%, Black = 61%.} 1/2-1/2

[Event "BL 2017-18"]
[Site "Germany"]
[Date "2018.03.11"]
[Round "12"]
[White "Jobava, Baadur"]
[Black "Ragger, Markus"]
[Result "1/2-1/2"]
[WhiteElo "2685"]
[BlackElo "2668"]
[Annotator "TA"]
[PlyCount "93"]
[EventDate "2018.05.24"]
[EventType "team-tourn"]
[EventCountry "GER"]
[SourceTitle "playchess.com"]
[Source "ChessBase"]
[SourceQuality "1"]
[WhiteTeam "Hockenheim"]
[BlackTeam "Solingen"]

{[%evp 19,93,20,16,0,0,0,7,0,4,0,0,0,19,0,0,0,0,0,0,0,0,0,0,0,0,0,0,0,0,0,0,0,0,0,0,0,0,0,0,0,0,0,0,0,0,0,0,0,0,0,0,0,0,0,0,0,0,0,0,0,0,0,0,0,0,0,0,0,0,0,0,0,0,0,0,0]} 1. d4 Nf6 2. Bg5 Ne4 3. Bf4 c5 4. f3 Qa5+ 5. c3 Nf6 6. Nd2 cxd4 7. Nb3 Qd8 8. cxd4 e6 {A45: Trompowsky Attack} (8... d5 9. e3 e6 10. Rc1 Bb4+ 11. Kf2 O-O 12. a3 Be7 13. Bd3 Nc6 14. g4 Nd7 15. Qc2 e5 16. Bg3 {0-1 (39) Demuth,A (2558)-Salem,A (2638) Biel 2017}) 9. e4 Nc6 10. Ne2 d5 {LiveBook: 5 Games. The position is equal.} 11. Nc3 dxe4 12. fxe4 {Black should prevent d5.} Bb4 13. Bd3 e5 $1 {[%cal Re5f4]} 14. dxe5 Nh5 15. Be3 Bg4 16. Be2 $146 ({Find the theoretical novelty and annotate with similar games:} 16. Qxg4 Qxd3 {½-½ (37) Lelgemann,L (2024)-Balzert,A (2359) GER email 2011}) 16... Qh4+ 17. Bf2 Bxe2 18. Bxh4 Bxd1 19. Rxd1 Nf4 20. Bg3 Nh5 21. Bh4 {Strongly threatening 0-0.} Nf4 22. Bg3 Nh5 23. Bf2 Nf4 24. g3 Ne6 25. O-O Bxc3 26. bxc3 Nxe5 27. Rd5 Nc4 28. Na5 Nxa5 29. Rxa5 a6 30. a4 O-O 31. Rb1 Rfc8 32. Rxb7 Rxc3 33. Rb6 Rd8 34. Rbxa6 Rd1+ $1 35. Kg2 {[#] And now Ra8+ would win.} g6 36. Rd5 Ra1 {aiming for ...Rc2.} 37. Rd7 Rc2 {...Raa2 is the strong threat.} 38. Ra8+ Kg7 {Hoping for ...Raa2.} 39. Raa7 $1 {[#]} Nd8 $1 {[%mdl 512] With the idea ...Raa2.} 40. Rxd8 Raa2 41. g4 Rxf2+ $11 {[%mdl 4096] Endgame KRR-KRR} 42. Kg3 Rg2+ 43. Kf4 Raf2+ 44. Ke3 $1 Re2+ 45. Kf4 Ref2+ 46. Ke3 Re2+ 47. Kf4 {Precision: White = 81%, Black = 97%.} 1/2-1/2

[Event "BL 2017-18"]
[Site "Germany"]
[Date "2018.03.11"]
[Round "12"]
[White "Howell, David W L"]
[Black "Van Kampen, Robin"]
[Result "1/2-1/2"]
[WhiteElo "2682"]
[BlackElo "2651"]
[Annotator "TA"]
[PlyCount "48"]
[EventDate "2018.05.24"]
[EventType "team-tourn"]
[EventCountry "GER"]
[SourceTitle "playchess.com"]
[Source "ChessBase"]
[SourceQuality "1"]
[WhiteTeam "Hockenheim"]
[BlackTeam "Solingen"]

{[%evp 31,48,-1,0,0,0,0,0,0,0,0,0,0,0,0,0,0,0,0,0]} 1. Nf3 Nf6 2. c4 b6 3. g3 c5 4. Bg2 Bb7 5. O-O g6 6. b3 Bg7 7. Bb2 O-O 8. Nc3 d5 9. Nxd5 Nxd5 10. Bxg7 Kxg7 11. cxd5 Qxd5 12. d4 Na6 13. dxc5 Nxc5 14. Qxd5 Bxd5 15. Rfd1 {A30: Symmetrical English: Double Fianchetto and Hedgehog} Rfd8 16. Rac1 Kf6 {[#] LiveBook: 4 Games. The position is equal.} 17. h4 $146 ({Predecessor:} 17. Nd4 Bxg2 18. Kxg2 Rac8 19. Nb5 Rxd1 20. Rxd1 Ne4 21. Nxa7 Rc2 {½-½ (37) Andersson,U (2625)-Polgar,J (2658) Malmo 2000}) 17... Rac8 18. b4 Bxf3 $1 19. Rxd8 Rxd8 20. Bxf3 $11 {KRB-KRN} Ne6 21. Rc3 Nd4 22. Rc7 Nb5 23. Rb7 Rd4 24. a4 Nd6 1/2-1/2